Những người phụ nữ đẹp mãi trong tôi

Những câu chuyện về những người phụ nữ can đảm, trung hậu, đảm đang trong thời chiến và hôm nay họ vẫn đang tiếp tục làm đẹp cho đời, cho cuộc sống

Spremljeno u:
Bibliografski detalji
Glavni autor: Phạm, Phương Thảo
Format: Knjiga
Jezik:Undetermined
Izdano: Tp. Hồ Chí Minh Tổng hợp Tp. Hồ Chí Minh 2016
Teme:
Online pristup:http://lrc.tdmu.edu.vn/opac/search/detail.asp?aID=2&ID=32009
Oznake: Dodaj oznaku
Bez oznaka, Budi prvi tko označuje ovaj zapis!
Thư viện lưu trữ: Trung tâm Học liệu Trường Đại học Thủ Dầu Một
LEADER 00920nam a2200205Ia 4500
001 TDMU_32009
008 210410s9999 xx 000 0 und d
082 |a 959.779041 
090 |b PH104 
100 |a Phạm, Phương Thảo 
245 0 |a Những người phụ nữ đẹp mãi trong tôi 
245 0 |c Phạm Phương Thảo 
260 |a Tp. Hồ Chí Minh 
260 |b Tổng hợp Tp. Hồ Chí Minh 
260 |c 2016 
300 |a 199tr. 
520 |a Những câu chuyện về những người phụ nữ can đảm, trung hậu, đảm đang trong thời chiến và hôm nay họ vẫn đang tiếp tục làm đẹp cho đời, cho cuộc sống 
650 |a Phụ nữ  |z Việt Nam  |x Giai Thoại 
856 |u http://lrc.tdmu.edu.vn/opac/search/detail.asp?aID=2&ID=32009 
980 |a Trung tâm Học liệu Trường Đại học Thủ Dầu Một